01562nam a2200421 i 450000100060000000300020000600500170000800600190002500700150004400800410005901700230010002000270012303500220015004000310017205000210020308000140022408200160023810000420025424500980029626400530039430000410044733600310048833700330051933800430055249000420059550000220063758800830065959001620074265000210090465000180092565000180094365500270096179700180098883000430100685600630104994200110111299900170112374998020241217151155.0m o d | cr cnu||||||||230328s2013 sp o 001 0 spa d aM-12394-2013b2013 a9788497551649q(print) a(OCoLC)1377205216 aFINmELBbspaerdacFINmELB 4aBF173bM535 2013 a159.964.204a150.1952231 aMenassa, Miguel Oscar,d1940-eautor.10aFreud y Lacan.nHablados 4 :bclases sobre la histeria y el proyecto /cMiguel Oscar Menassa. 1aMadrid, España :bEditorial Grupo Cero,c2013. a1 recurso en línea (163 páginas) atextobtxt2rdacontent/spa acomputadorabc2rdamedia/spa arecurso en líneabcr2rdacarrier/spa1 aColección Extensión Universitaria aIncluye índice. aDescripción basada en metadatos suministrados por el editor y otras fuentes. aRecurso electrónico. Santa Fe, Arg.: elibro, 2023. Disponible vía World Wide Web. El acceso puede estar limitado para las bibliotecas afiliadas a elibro. 4aPsicoanálisis. 4aPsicología. 4aPsicoterapia. 4aLibros electrónicos.2 aelibro, Corp. 0aColección Extensión Universitaria.40uhttps://elibro.net/ereader/politecnicointernacional/204152 cLIBROS c74998d74998